00743nam a2200205Ia 4500003000900000008004100009040001600050080002000066100002900086245014100115250001200256260003800268300001400306650001900320650002700339650002800366942000700394999001500401952012100416IN-BaIIA211028s9999 xx 000 0 eng d cIIA Library a621.316.56bVIN aVinal, George Wood93322 0aStorage batteriesba general treatise on the physics of chemistry of secondary batteries of their engineering applicationcVinal, G. W. a4th ed. aNew YorkbJohn Wiley & Sonsc1955 axi, 446p. aNASA Thesaurus aPrimary Bateries93323 aStorage Batteries91767 cBK c1679d1679 00104070aBANbKODcGENd0000-00-00g45.00l0o621.316.56/ VINp1842r2021-11-05v45.00w0000-00-00yBKGRs. 45.00